A text book on power elctronics V2 (Record no. 169902)

MARC details
000 -LEADER
fixed length control field 00409nam a2200157Ia 4500
008 - FIXED-LENGTH DATA ELEMENTS--GENERAL INFORMATION
fixed length control field 231217s9999 xx 000 0 und d
041 ## - LANGUAGE CODE
Language code of text/sound track or separate title English
082 ## - DEWEY DECIMAL CLASSIFICATION NUMBER
Classification number 621.381044 NTT
100 ## - MAIN ENTRY--PERSONAL NAME
Personal name NTTF
245 #2 - TITLE STATEMENT
Title A text book on power elctronics V2
260 ## - PUBLICATION, DISTRIBUTION, ETC.
Name of publisher, distributor, etc. New Delhi : Dept. of Electronics,
300 ## - PHYSICAL DESCRIPTION
Extent 255
400 ## - SERIES STATEMENT/ADDED ENTRY--PERSONAL NAME [OBSOLETE, CAN/MARC], [LOCAL, USA]
Personal name Impact learning materials series
650 ## - SUBJECT ADDED ENTRY--TOPICAL TERM
Topical term or geographic name entry element power,elctronics
942 ## - ADDED ENTRY ELEMENTS (KOHA)
Koha item type Books
Holdings
Date last seen Total checkouts Full call number Accession number Price effective from Category Lost status Damaged status Department Withdrawn status Home library Current library Shelving location Entry date Grants Billdate Currency symbol Conversion rate Discount Old discount
26/01/2024   621.381044 NTT 23884 26/01/2024 Books     Central Library   Central Library Central Library Central Library 05/12/2003 EC 09/05/2005 EURO 1    

© For any Suggestions or Query, please contact the library staff @ librarian@pes.edu or Phone: +9180 2672 1983/ 2108.